000 00308 a2200157 4500
001 57985
020 _a
040 _cAnchieta - Pituba
100 _aLagerkvist, Pär
240 1 0 _aBarrabás
_lpor
245 1 0 _aBarrabás
300 _a209
362 0 _a1970
650 4 _aLiteratura sueca
942 _cBK
999 _c57985
_d57985